000 00820cab a22002175a 4500
001 L146439
008 090121e20090117xxkad f s 000 0 eng d
035 _a(Sirsi) u146439
041 0 _aeng
100 1 _aSmith, Melanie
245 0 0 _aFocus
_bBedfordshire
260 _c2009
490 _aEstates Gazette
_v(0903) 17 January 2009, 63-71(6)
520 _aRegular feature looks at commercial property development and regeneration, this week focusing on Bedfordshire. Articles are included on the lack of demand for commercial space in Luton and the mixed fortunes of St Modwen's proposed £400m regeneration.
590 _aKA
651 4 _aEngland and Wales
_y1543-
690 _aPROPERTY-PROPERTY MANAGEMENT-REGENERATION
690 _aPROPERTY-PROPERTY DEVELOPMENT
700 1 _aCunningham, Daniel
942 _n0
999 _c81152
_d81152